La dimensin̤ exterior de las agencias del espacio de libertad, seguridad y justicia

Detalles Bibliográficos
Autor principal: Pi Llorens, Montserrat
Otros Autores: Zapater Duque, Esther
Formato: eBook
Lenguaje:español
Publicado: Madrid: Marcial Pons, 2014
Materias:
Acceso en línea:Acceso restringido

MARC

LEADER 00000nam a22000007a 4500
005 20180220215757.0
007 cr|||| ||||
008 180220s2014 es |||||s|||| 00||0 spa d
020 |a 978-84-91233-06-0 
035 |a 20958 
040 |a vLex 
090 |c 7380  |d 7380 
100 1 |a Pi Llorens, Montserrat 
245 1 2 |a La dimensin̤ exterior de las agencias del espacio de libertad, seguridad y justicia  |h [Recurso electrn̤ico] /  |c Montserrat Pi Llorens, Esther Zapater Duque 
256 |a Servicio en ln̕ea 
260 |a Madrid:  |b Marcial Pons,  |c 2014 
300 |a 1 recurso electrn̤ico 
500 |a El Espacio de Libertad, Seguridad y Justicia de la Unin̤ Europea ha sido objeto en los l︢timos aǫs de un amplio desarrollo tanto polt̕ico como normativo, que ha venido acompaądo de la proliferacin̤ de nuevos actores supranacionales que adoptan la forma de agencias europeas especializadas. Dichos organismos constituyen un elemento n︢ico y peculiar que va ms̀ all ̀del tradicional marco institucional europeo, y han conseguido asumir un papel cada vez ms̀ importante en la implementacin̤ y desarrollo de las polt̕icas europeas en materia de seguridad y control de las fronteras exteriores, lucha contra el crimen organizado, as ̕como en la gestin̤ de las polt̕icas migratorias y de asilo, a travš del desarrollo de una serie de mecanismos operativos, de coordinacin̤ y de refuerzo de las capacidades institucionales existentes. En esta publicacin̤ se analiza la dimensin̤ exterior de la actuacin̤ de dichas agencias, que plantea diversos interrogantes relacionados con su personalidad jurd̕ica internacional, el anl̀isis de los instrumentos que utilizan, la cooperacin̤ con otras organizaciones internacionales, y el control de sus actuaciones, entre otros. 
506 1 |a Disponible solo en los productos indicados  |d vLex Global  |d vLex Global (Academic Edition, excluding Law Schools)  |d vLex Global (U.S. Academic Edition, Law Schools)  |d vLex Global (U.S. Academic Edition, excluding Law Schools)  |d vLex Global (Academic Edition, Law Schools) 
650 0 4 |a Derecho Comunitario  |z Espaą 
650 0 4 |a Derecho Internacional  |z Espaą 
700 1 |a Zapater Duque, Esther 
740 0 |a vLex Libros (Servicio en ln̕ea) 
856 4 0 |u http://vlex.com/source/dimension-exterior-de-las-agencias-del-espacio-de-libertad-seguridad-y-justicia-20958  |z Acceso restringido 
942 |c BOOK 
999 0 |a Community Law 
999 0 |a International Law